Cornerstones of religious freedom in America /

Bibliographic Details
Main Author: Blau, Joseph L. (Joseph Leon), 1909-1986
Format: Book
Language:English
Published: New York : Harper & Row, [1964]
Edition:Rev. and enl. ed.
Series:Harper torchbooks ; The cloister library TB 118.
Subjects:

MARC

Tag First Indicator Second Indicator Subfields
LEADER 00000cam a2200000 4500
001 in00000063609
005 20151007083210.0
008 741127s1964 nyu b 00000 eng u
010 |a  64006727  
035 |a (OCoLC)01089450 
035 |9 AAF9007AM 
040 |c WSU  |d TXA  |d UtOrBLW 
043 |a n-us--- 
049 |a TXAM  |c [454667] 
050 0 |a BR516  |b .B55 1964 
082 0 |a 322.0973 
092 |a 322  |b B645c, 1964 
100 1 |a Blau, Joseph L.  |q (Joseph Leon),  |d 1909-1986. 
245 1 0 |a Cornerstones of religious freedom in America /  |c Edited, with an introd. and interpretations, by Joseph L. Blau. 
250 |a Rev. and enl. ed. 
264 1 |a New York :  |b Harper & Row,  |c [1964] 
300 |a xiii, 344, 9 pages ;  |c 21 cm. 
336 |a text  |b txt  |2 rdacontent 
337 |a unmediated  |b n  |2 rdamedia 
338 |a volume  |b nc  |2 rdacarrier 
490 0 |a Harper torchbooks ;  |v TB 118.  |a The cloister library 
504 |a "List of sources": pages 338-341. 
650 0 |a Freedom of religion  |z United States. 
651 0 |a United States  |x History  |v Sources. 
999 |a MARS 
999 f f |s 07727b7d-24c3-3a8a-835c-d484cc88944f  |i 0ce455ab-e122-37fb-94f9-b22e26caee87  |t 0 
952 f f |p ric  |a Texas A&M University  |b Rellis Campus  |c Joint Library Facility  |d Remote Storage  |t 0  |e BR516 .B55 1964  |h Library of Congress classification  |i unmediated -- volume  |m A14800663499 
998 f f |a BR516 .B55 1964  |t 0  |l Remote Storage